000 00550nam a2200193Ia 4500
005 20250326143602.0
008 250326s9999 xx 000 0 und d
020 _a1-40510-141-5
037 _aTextbook
040 _aFMSL
_beng
_cFMSL
041 _aeng
_2eng
084 _aX:5.1 P3
_qFMSL
100 _aBardhan Pranab
245 0 _aInternational trade, growth and development
_cBardhan Pranab
260 _aUnited Kingdom
_bUnited Kingdom, Blackwell
_c2003
300 _ax,285
942 _cTB
_hX:5.1 P3
999 _c1300164
_d1300164